A carregar...

New horizons in the study of language and mind /

New Horizons in the Study of Language and Mind is an outstanding contribution to the philosophical study of language and mind, by one of the most influential thinkers of our time. In a series of penetrating essays, Chomsky cuts through the confusion and prejudice which has infected the study of l...

ver descrição completa

Detalhes bibliográficos
Autor principal: Chomsky, Noam .
Formato: Printed Book
Publicado em: Cambridge : Cambridge University Press. 2004
Assuntos:
LEADER 01135cam a2200169ua 4500
020 |a 0-521-65822-5 
082 1 4 |a 401  |b CHO-N 
100 1 |a Chomsky, Noam . 
245 1 0 |a New horizons in the study of language and mind /  
260 |a Cambridge :   |b Cambridge University Press.  |c 2004 
300 |a 230p. 
505 |a  English language -- 20th century -- Dictionaries. English language -- Dictionaries. English language -- Study and teaching as a second language -- Dictionaries. View all subjects  
520 |a  New Horizons in the Study of Language and Mind is an outstanding contribution to the philosophical study of language and mind, by one of the most influential thinkers of our time. In a series of penetrating essays, Chomsky cuts through the confusion and prejudice which has infected the study of language and mind, bringing new solutions to traditional philosophical puzzles and fresh perspectives on issues of general Read more...  
650 0 |a Language 
942 |c BK 
999 |c 24603  |d 24603 
952 |0 0  |1 0  |4 0  |6 401_000000000000000_CHON  |7 0  |9 30907  |a KU  |b KU  |c GEN  |d 2015-07-05  |l 0  |o 401 CHO-N  |p EN13740  |r 2015-07-05  |y BK